| 000 | 00703nam a2200205Ii 4500 | ||
|---|---|---|---|
| 003 | JO-AjNU | ||
| 008 | 230606s9999||||xx |||||||||||||| ||und|| | ||
| 020 | _a978-0-415-30041-4 | ||
| 040 |
_aJO-AjNU _beng _erda _cJO-AjNU |
||
| 041 | _aeng | ||
| 050 | 1 | 4 | _aPF 640 .O77 2003 |
| 100 | 3 |
_a Osselton, N. ؛ Hempelman, R, _eauthor _91675 |
|
| 245 | 0 | 4 | _aThe new Routledge Dutch dictionary : Dutch-English/English-Dutch |
| 264 | 3 | 1 | _aLondon ; New York: Routledge, 2003 |
| 300 | _a909p | ||
| 336 |
_atext _btxt _2rdacontent |
||
| 337 |
_aunmediated _bn _2rdamedia |
||
| 338 |
_avolume _bnc _2rdacarrier |
||
| 650 | 4 |
_aDutch language -- Dictionaries -- English -- English language -- Dictionaries -- Dutch _91676 |
|
| 999 |
_aE878 _c878 _d878 |
||